| 000 | 00846nam a2200265Ia 4500 | ||
|---|---|---|---|
| 001 | 16395 | ||
| 003 | GE_BSU | ||
| 008 | 181216s||||||||xx |||||||||||||| ||und|| | ||
| 020 | _a586547389 | ||
| 040 | _cGE_BSU | ||
| 080 | _a811.161.1 | ||
| 100 | _aАнтонова В,Е. М,М,Нахабина.А,А,Тольстых | ||
| 245 | _aДорога в Россию | ||
| 245 | _bУчеб.русского языка:(Первый уровень-II):3 | ||
| 245 | _cхуд:Т,А, Сытая. А,Н,Новинкова | ||
| 260 | _aСанкт-Петербург | ||
| 260 | _bЗлатоуст | ||
| 260 | _c2006 | ||
| 300 | _a184стр, ил, 29см | ||
| 541 | _h10л | ||
| 653 | _aДорога в Россию | ||
| 653 | _aРусский Язык | ||
| 653 | _aრუსული ენა :გრამატიკა | ||
| 942 | _cBK | ||
| 999 |
_c49471 _d49471 |
||